The Law and Judiciary of Pakistan / (Record no. 616255)
[ view plain ]
| 000 -LEADER | |
|---|---|
| fixed length control field | 00336nam a22001217a 4500 |
| 082 ## - DEWEY DECIMAL CLASSIFICATION NUMBER | |
| Classification number | 347.5491 |
| Author Mark | COR |
| 100 ## - MAIN ENTRY--PERSONAL NAME | |
| Personal name | Cornelius, A.R. |
| 245 ## - TITLE STATEMENT | |
| Title | The Law and Judiciary of Pakistan / |
| Statement of responsibility, etc. | A.R. Cornelius |
| 260 ## - PUBLICATION, DISTRIBUTION, ETC. | |
| Place of publication, distribution, etc. | Lahore : |
| Name of publisher, distributor, etc. | Lahore Law Times Publications, |
| Date of publication, distribution, etc. | N.A. |
| 300 ## - PHYSICAL DESCRIPTION | |
| Extent | 414 p. ; |
| Dimensions | 25 cm. |
| 563 ## - BINDING INFORMATION | |
| Binding note | HB. |
| 942 ## - ADDED ENTRY ELEMENTS (KOHA) | |
| Source of classification or shelving scheme | |
| Koha item type | Book |
| Withdrawn status | Lost status | Source of classification or shelving scheme | Damaged status | Not for loan | Permanent Location | Current Location | Date acquired | Source of acquisition | Total Checkouts | Full call number | Barcode | Date last seen | Price effective from | Koha item type |
|---|---|---|---|---|---|---|---|---|---|---|---|---|---|---|
| NUST Law School (NLS) | NUST Law School (NLS) | 02/17/2026 | Donated by Mr. Salahuddin Khan Advocate Supreme Court of Pakistan | 347.5491 COR | NLSD-549 | 02/17/2026 | 02/17/2026 | Book |
